000 nam a22 a 4500
999 _c124933
_d124933
003 BLK
005 20211105130211.0
008 180409b bul|||||r ||||||| ||bul||
010 _aKNG00130602000
040 _aBLK
041 _aBUL
_cBUL
080 _aВоенна история - Военни походи, битки, героични подвизи. Вж и 93/99
_b355.48
_x(497.2)(093.3)
_z355.48(497.2)(093.3)
100 1 _aБабаков, Петър
_eпърви автор
_9269716
139 _aБабаков, Петър
_bБ 12
245 1 0 _aЗаписки на помощник-командира
_cПетър Бабаков.
257 _aBGR
260 _bДърж. воен. изд.
_c1957
_aСофия
300 _a212 с.
_c20 см
380 _a3
650 4 _aОтечествена война на България, 1944-1945
_9250649
651 4 _aБългария
_9241624
653 _aОтечествена война
653 _aзаписки
653 _aбългарска история
852 _aЦб 6733
_bЦб
942 _cKNG
_n0
_s1
944 _aCR
_c16.05.2012
_l16.05.2012 - от С1,Р / 16.05.2012
_kСевдалина_Василева
944 _aED
_c2021-11-05
_l2021-11-05